Pensamiento sistémico: caminar el cambio o cambiar el cambio

Uloženo v:
Podrobná bibliografie
Hlavní autor: Herrscher, Enrique G (Autor)
Médium: Kniha
Jazyk:španělština
Vydáno: Buenos Aires Granica 2005
Vydání:2a. ed
Edice:Colección Management
Témata:
Tagy: Přidat tag
Žádné tagy, Buďte první, kdo vytvoří štítek k tomuto záznamu!

MARC

LEADER 00000nam a2200000 a 4500
001 UCI3248
003 CL-VaPUC
008 071019e20050000AG |||||||||||||||||spa|d
020 |a 950641386X 
082 0 4 |a 658.3  |b HER  |2 21 
100 0 |a Herrscher, Enrique G  |e author  |9 524642 
245 1 0 |a Pensamiento sistémico: caminar el cambio o cambiar el cambio 
250 |a 2a. ed 
300 |a 270 p 
942 |c BK 
945 |d 20071019 00:00:00  |a jtorresc 
260 |a Buenos Aires  |b Granica  |c 2005 
650 0 |a Administración del personal  |9 260442 
650 0 |a Recursos humanos   |9 228420 
650 0 |a Pensamiento sistémico   |9 449306 
650 7 |a FORMACION DE PERSONAL  |2 CL-VaPUC  |9 524643 
650 0 |a Pensamiento sistémico   |9 449306 
650 7 |a PLANIFICACION Y CONTROL  |2 CL-VaPUC  |9 524644 
583 |a last modification  |c 20071019 00:00:00  |k Rodrigo Vera 
490 0 |a Colección Management 
999 |c 327568  |d 327566 
952 |0 0  |1 0  |4 0  |6 658_300000000000000_HER_2005  |7 0  |8 A  |9 410574  |a BIBENE  |b BIBENE  |d 2019-11-22  |i 4379675  |o 658.3 HER 2005  |p 4379675  |r 2025-01-15  |w 2019-11-22  |y BK  |k ICO 
952 |0 0  |1 0  |4 0  |6 658_300000000000000_HER_2005  |7 0  |8 A  |9 410575  |a BIBCUR  |b BIBCUR  |d 2019-11-22  |i 4470648  |o 658.3 HER 2005  |p 4470648  |r 2025-04-22  |w 2019-11-22  |y BK  |k PER